Integration - a functional approach

Αποθηκεύτηκε σε:
Λεπτομέρειες βιβλιογραφικής εγγραφής
Κύριος συγγραφέας: Bichteler, Klaus
Μορφή: Βιβλίο
Γλώσσα:English
Δημοσίευση: Basel ; Boston : Birkhauser, c1998
Σειρά:Birkhauser advanced texts
Θέματα:
Ετικέτες: Προσθήκη ετικέτας
Δεν υπάρχουν, Καταχωρήστε ετικέτα πρώτοι!

MARC

LEADER 00000nam a2200000 i 4500
001 1/96228
008 991214s1998 eng d
020 |a 3764359366 
035 |l 10055675 
040 |a GR-MY-UA  |b gre  |e aacr 
041 0 |a eng 
082 0 |a 515.43 
100 1 |a Bichteler, Klaus. 
245 1 0 |a Integration - a functional approach /  |c Klaus Bichteler 
260 |a Basel ; Boston :   |b Birkhauser,   |c c1998 
300 |a viii, 193 p.;  |c 24 cm. 
490 1 |a Birkhauser advanced texts 
504 |a Includes bibliographical references and indexes 
650 0 0 |a Integrals. 
650 0 0 |a Measure theory. 
830 0 |a Birkhauser advanced texts 
852 |a INST  |b SAMOS  |e 19991214  |h 515.43 BIC  |p 005300016262  |q 005300016262  |t BK  |y 0 
901 |a BIBL3-1999-3 
909 |a Σ  |b 067499 
922 |a 3ΕΛΗ  |b 199911  |c ΕΠΕΑΕΚ/ΜΑΘ  |d LEADER 
970 |a ΓΕΝΟΥΖΟΥ  |b ΧΡΥΣΑΝΘΗ  |z 1999/12/14